1196 1578 1756 1540 1851 1193 1063 1105 1213 1625 1752 1155 1475 1033 1444 1513 1255 1191 1614 1318 1030 1297 1272 1175 1021 1386 1269 1013 1874 1881 1891 1959 1485 1156 1881 1562 1987 1003 1261 1745 1980 1055 1673 1992 1117 1864 1266 1152 1972 1850 1783 1764 1270 1027 1947 1814 1903 1174 1940 1121 1038 1063 1807 1056 1524 1631 1316 1075 1162 1117 1876 1035 1801 1354 1377 1797 1460 1721 1075 1045 1682 1907 1072 1585 1085 1343 1634 1740 1589 1175 1569 1381 1833 1296 1879 1508 1019 1558 1397 BCNSPRNW ULIB Ver.6.0+V

เปลี่ยนเป็นภาษาไทย

Change to English
 แสดงรายละเอียดบรรณานุกรม
  กลับหน้าหลัก

Brief Record : Get Marc (ISO 2709) : E-mail record : QR code < ปิดหน้าต่าง
LEADER : 00000nam 2200000uu 4500
001    13399112751
003     ULIB
008    110908s2545||||th 000 0 tha d
020    9742692114
050 04 LB1028.5^bว549ร 2545
110 2  กองวิจัยทางการศึกษา
245 10 การพัฒนาและการใช้คอมพิวเตอร์เพื่อการเรียนการสอน : กรณีศึกษาโรงเรียนประถมศึกษา :^bรายงานการวิจัย /^cกองวิจัยทางการศึกษา กรมวิชาการ กระทรวงศึกษาธิการ
246 30 รายงานการวิจัยเรื่อง การพัฒนาและการใช้คอมพิวเตอร์เพื่อการเรียนการสอน
250    พิมพ์ครั้งที่ 1
260    กรุงเทพฯ :^bกองวิจัยทางการศึกษา,^c2545
300    227 หน้า
504    บรรณานุกรม: หน้า 184
650  7 คอมพิวเตอร์ช่วยการสอน
650  7 การศึกษาขั้นประถม
650  7 โรงเรียนประถมศึกษา
650  7 การเรียนการสอนผ่านเว็บ
945    ^p0^l0^i015190
995    ทศพร
999 ^a ทศพร
รายการนี้ยังไม่มีแท็ก
คุณยังไม่ได้ล็อกอิน คุณสามารถมีกิจกรรมร่วมกับเว็บไซต์ได้ แต่ต้องล็อกอินก่อน ::
  ล็อกอิน

รายการสื่อสารสนเทศ

ลำดับที่ ประเภท เลขเรียก/บาร์โค้ด สถานที่ สถานะ
- ไม่พบข้อมูล -

รายการใกล้เคียง
    หัวเรื่อง [คอมพิวเตอร์ช่วยการสอน]
    หัวเรื่อง [การศึกษาขั้นประถม]
    หัวเรื่อง [การเรียนการสอนผ่านเว็บ]

BibComment


ยังไม่เคยถูกคอมเมนท์

คอมเมนท์ทรัพยากรรายการนี้
  คอมเมนท์: การพัฒนาและการใช้..


 Copyright 2026. Bcnsprnw @Library